|
|
|
|
| LEADER |
00000nab a2200000 ar4500 |
| 001 |
vtls009307509 |
| 003 |
SK-MaSNL |
| 005 |
20260303060039.0 |
| 008 |
080627c20071020xo mr|p|||||||000 b|slo |
| 038 |
|
|
|a SNSK
|
| 040 |
|
|
|b slo
|c SNSK
|e AACR2
|
| 041 |
|
|
|a slo
|
| 044 |
|
|
|a xo
|c SK
|
| 080 |
|
|
|a 621.397.13
|x (437.678)
|2 2001
|
| 080 |
|
|
|a 654.197
|x (437.678)
|2 2001
|
| 100 |
1 |
|
|a Toporcerová, Monika,
|d 1972
|4 aut
|9 769145
|
| 245 |
1 |
0 |
|a Štrelinger chce šéfovať mestskej televízii
|b kandidát na riaditeľa STV v Redute?
|c Monika Toporcerová
|
| 300 |
|
|
|b Fotogr.
|
| 610 |
2 |
7 |
|a Televízia Reduta (Spišská Nová Ves, Slovensko)
|2 snsk
|9 59000
|
| 650 |
0 |
7 |
|a regionálne televízie
|2 snsk
|9 1050972
|
| 650 |
0 |
7 |
|a personálne zmeny
|2 snsk
|9 1016550
|
| 651 |
|
7 |
|a Spišská Nová Ves (Slovensko)
|2 snsk
|9 28800
|
| 773 |
0 |
|
|t Spišský Korzár
|g Roč. IX., č. 242 (20.10.2007), s. 2
|x 1335-7590
|
| 852 |
|
|
|a SNSK
|b KIS3GCP
|
| 999 |
|
|
|c 1729910
|d 1731840
|